Spécialités médicales - Mort subite - Statistiques

Statistiques générales
  • Ce quiz a été pris 1 801 fois
  • Le résultat moyen est 19 sur 27
Answers on the Grid
Answers color-coded by a green-red scale on the quiz's grid according to % correct below.
Allergologie
Anesthésiologie
Aquathéropathologie
Artérioplastie
Cardiologie
Chrono-dentologie
Cryo-hématologie
Cytotactilothérapie
Dermatogénométrie
Dermatologie
Endocrinologie
Énergobiologie
Gastro-entérologie
Gastrochronobiologie
Gériatrie
Gynécologie-obstétrique
Hématologie
Hépatologie
Holographie
Infectiologie
Kinésithérapie
Médecine légale
Musculocinétiatrie
Nanopsychosomagie
Nébulothérapie
Néonatalogie
Néphrologie
Neurologie
Neuroluminologie
Oculoplastologie
Oncologie
Ophtalmologie
Orthopédie
Otorhinolaryngologie
Pédiatrie
Phononeurologie
Plasmophysiatrie
Pneumologie
Psychiatrie
Psychopneumatologie
Radiologie
Rétino-microbiologie
Rhumatologie
Sismo-cardiologie
Stomatologie
Thermodiététique
Urologie
Vibratothérapie
 
Statistiques - réponses
Réponse % Correct
Cardiologie
81%
Neurologie
80%
Pédiatrie
80%
Dermatologie
79%
Psychiatrie
79%
Ophtalmologie
78%
Pneumologie
78%
Radiologie
78%
Urologie
77%
Orthopédie
76%
Oncologie
75%
Rhumatologie
75%
Gastro-entérologie
72%
Gériatrie
71%
Gynécologie-obstétrique
70%
Allergologie
67%
Endocrinologie
67%
Hématologie
67%
Kinésithérapie
66%
Médecine légale
63%
Infectiologie
60%
Néphrologie
59%
Stomatologie
57%
Hépatologie
56%
Néonatalogie
50%
Anesthésiologie
49%
Otorhinolaryngologie
39%
Aucun quiz correspondant
Distribution des résultats
% des personnes avec chaque résultat
Percentile par nombre de réponses
Votre historique - résultats
Vous n’avez pas pris ce quiz